| 000 | 00582nab#a2200193#c#4500 | ||
|---|---|---|---|
| 999 |
_c19257 _d19257 |
||
| 003 | IEF | ||
| 005 | 20191211122507.0 | ||
| 008 | 950704s1975 uuu|| #####0 b| |u | ||
| 040 |
_aIEF _cES-MaIEF |
||
| 100 | 1 |
_aGarcía López, José _917406 |
|
| 245 |
_aBibliografía de Sociología Financiera _c José García López |
||
| 260 |
_aMadrid _b Instituto de Estudios Fiscales [IEF] _c1975 |
||
| 650 | 4 |
_aSOCIOLOGIA FINANCIERA _948474 |
|
| 650 | 4 |
_aBIBLIOGRAFIA _932384 |
|
| 773 | 0 |
_tHacienda pública española _w34570 _g34, p. 225-255 |
|
| 942 | _2udc | ||
| 942 | _2udc | ||